000 00894nam a2200277 a 4500
001 BRL_574
005 20190320210816.0
008 040913s1984----mx-ae#####---#000-0#eng-#
020 _a9687074124
041 _aeng
044 _amx
050 4 _aF1219.76.R45
_b.H49 1984
100 1 _aHeyden, Doris
_92484
245 1 0 _aThe Great Temple and the Aztec Gods
_cby Doris Heyden and Luis Francisco Villaseñor ; drawings by Alberto Beltrán
260 _aMéxico, D.F.
_bMinutiae Mexicana
_c1984
300 _a72 p.
_bil.
_c21 cm.
440 0 _aMinutiae Mexicana Series
_pIndian peoples of Mexico series
_924331
500 _aAu610
500 _aBibliografía: p. 72
610 2 4 _aTemplo Mayor (Ciudad de México)
_924332
650 1 4 _aAztecas
_xReligión
_95290
700 1 _aVillaseñor, Luis Francisco
_924333
700 1 _aBeltrán, Alberto
_eil.
_99572
902 _aGRL
942 _2lcc
_cB
999 _c9386
_d9386